000 00696nmc a2200265 a 4500
003 AR-BaBNM
005 20251128211630.0
008 145020s2000 ||||||||||||||000 | spa||
020 _a987-9030-30-4
040 _cAR-BaBNM
245 1 0 _aHomenaje a Saint-Exupery
_ben el centenario de su nacimiento
250 _a1ª ed.
260 _aBuenos Aires
_bNueva Generación
_c2000
300 0 _a98 p.
490 0 _aLibros del Rojas
650 4 _aLITERATURA ARGENTINA
650 4 _aBIOGRAFIAS
650 4 _aCRITICA LITERARIA
650 4 _aESCRITORES
650 4 _aLITERATURA FRANCESA
655 _aLITERATURA
700 1 _aDubatti, Jorge
_eprologuista
942 _cBK
998 _cmartin
999 _c20512
_d20512